[Event "Tradewise Gibraltar Chess Festival 2013"]
[Site "Gibraltar ENG"]
[Date "2013.01.25"]
[Round "4.89"]
[White "Skrabakova, Katarina"]
[Black "Seyfried, Claus"]
[Result "0-1"]
[WhiteElo "1991"]
[BlackElo "2177"]
[PlyCount "54"]
[EventDate "2013.01.22"]
[EventType "swiss"]
[EventRounds "10"]
[EventCountry "ENG"]
[Source "lmi"]
[SourceDate "2013.01.22"]

1. e4 e5 2. Nf3 Nc6 3. Bc4 Nf6 4. d3 Be7 5. Bb3 d6 6. c3 h6 7. Nbd2 Be6 8. Bc2
d5 9. Qe2 O-O 10. O-O Re8 11. Re1 Qd7 12. exd5 Bxd5 13. Ne4 Rad8 14. h3 a6 15.
Be3 b6 16. Ng3 Bf8 17. Rad1 Qc8 18. d4 exd4 19. cxd4 Nb4 20. Ne5 c5 21. Bf5 Be6
22. Bxe6 Rxe6 23. a3 cxd4 24. axb4 Rxe5 25. Qd2 Rb5 26. Rc1 dxe3 27. Qxe3 Qb7
0-1

[Event "Tradewise Gibraltar Chess Festival 2013"]
[Site "Gibraltar ENG"]
[Date "2013.01.25"]
[Round "4.90"]
[White "Smith, Andrew Philip"]
[Black "Rios Gonzalez, Jose Antonio"]
[Result "1-0"]
[WhiteElo "2175"]
[BlackElo "1990"]
[PlyCount "125"]
[EventDate "2013.01.22"]
[EventType "swiss"]
[EventRounds "10"]
[EventCountry "ENG"]
[Source "lmi"]
[SourceDate "2013.01.22"]

1. e4 e5 2. d4 exd4 3. Qxd4 Nc6 4. Qe3 g6 5. Nc3 Bg7 6. Bd2 d6 7. O-O-O Be6 8.
Nh3 Ne5 9. Qd4 f6 10. Nf4 Bf7 11. Nfd5 a6 12. f4 Nc6 13. Qf2 Qd7 14. g4 b5 15.
h4 h6 16. Kb1 Nge7 17. Bc1 b4 18. Na4 Nxd5 19. exd5 Ne7 20. b3 O-O 21. Bc4 f5
22. gxf5 Nxf5 23. h5 gxh5 24. Bb2 Bxb2 25. Nxb2 Bg6 26. Rde1 Rae8 27. Bxa6 Qf7
28. Nd3 Kh7 29. Nxb4 Rxe1+ 30. Rxe1 Re8 31. Bd3 Rb8 32. Nc6 Re8 33. Rxe8 Qxe8
34. a4 Qf7 35. Qf3 h4 36. Nd8 Qf6 37. Ne6 c6 38. Nc7 Qe7 39. Na6 c5 40. Qh3 Qf6
41. Nc7 Ng3 42. Bxg6+ Kxg6 43. Qg4+ Kf7 44. Nb5 h5 45. Qf3 Qg6 46. Qg2 Ke7 47.
a5 Qg4 48. a6 h3 49. Qf2 Ne4 50. Qe1 Qg2 51. a7 h2 52. Qh4+ Nf6 53. Qe1+ Qe4
54. Qxe4+ Nxe4 55. a8=Q h1=Q+ 56. Kb2 Qf1 57. Nc7 Nf6 58. Qh8 Kf7 59. Ne6 Nxd5
60. Ng5+ Ke7 61. Qh7+ Kd8 62. Qg8+ Kd7 63. Qxd5 1-0

[Event "Tradewise Gibraltar Chess Festival 2013"]
[Site "Gibraltar ENG"]
[Date "2013.01.25"]
[Round "4.91"]
[White "Obiamiwe, Paul"]
[Black "Byron, Alan M"]
[Result "1-0"]
[WhiteElo "1973"]
[BlackElo "2167"]
[PlyCount "87"]
[EventDate "2013.01.22"]
[EventType "swiss"]
[EventRounds "10"]
[EventCountry "ENG"]
[Source "lmi"]
[SourceDate "2013.01.22"]

1. Nf3 d5 2. d4 Nf6 3. c4 c6 4. Nc3 e6 5. Bg5 Be7 6. cxd5 exd5 7. Qc2 O-O 8. e3
h6 9. Bh4 Re8 10. Bd3 Ne4 11. Bxe7 Qxe7 12. O-O Nd7 13. Rab1 g5 14. b4 a6 15.
a4 g4 16. Nd2 f5 17. Ne2 Nf8 18. Nf4 Ne6 19. Ng6 Qg7 20. Ne5 N6g5 21. Bxe4 fxe4
22. Kh1 Ne6 23. b5 axb5 24. axb5 c5 25. f4 cxd4 26. exd4 Rd8 27. Nb3 h5 28. Qd2
Qf6 29. Rbc1 Bd7 30. Qb4 Be8 31. f5 Ng5 32. Rc7 Rab8 33. Rfc1 Qd6 34. Qd2 Qf6
35. Qb4 Qd6 36. Qd2 Qf6 37. Nc5 Qxf5 38. Nxb7 Ne6 39. b6 Bb5 40. Nxd8 Nxd8 41.
Qh6 Ne6 42. Rc8+ Rxc8 43. Rxc8+ Nf8 44. Rxf8+ 1-0

[Event "Tradewise Gibraltar Chess Festival 2013"]
[Site "Gibraltar ENG"]
[Date "2013.01.25"]
[Round "4.93"]
[White "Lochte, Szilvia"]
[Black "Lee, Kai Jie Edward"]
[Result "0-1"]
[WhiteElo "1923"]
[BlackElo "2164"]
[PlyCount "60"]
[EventDate "2013.01.22"]
[EventType "swiss"]
[EventRounds "10"]
[EventCountry "ENG"]
[Source "lmi"]
[SourceDate "2013.01.22"]

1. d4 Nf6 2. Bf4 e6 3. e3 c5 4. c3 cxd4 5. exd4 b6 6. Nf3 Bb7 7. Nbd2 Be7 8.
Bd3 O-O 9. O-O Nc6 10. h3 d6 11. Re1 e5 12. Bh2 exd4 13. Nxd4 Nxd4 14. cxd4 a6
15. Qb3 d5 16. Rac1 Bd6 17. Bxd6 Qxd6 18. Bb1 Rfe8 19. Nf3 Ne4 20. Re2 Re6 21.
Qc2 g6 22. Qc7 Rc8 23. Qxb7 Rxc1+ 24. Re1 Rxe1+ 25. Nxe1 Nd2 26. Qc8+ Kg7 27.
Qc1 Nxb1 28. Qxb1 Qb4 29. Nf3 Re2 30. b3 Qa3 0-1

[Event "Tradewise Gibraltar Chess Festival 2013"]
[Site "Gibraltar ENG"]
[Date "2013.01.25"]
[Round "4.94"]
[White "Baert, Andy"]
[Black "Sielicki, Tomasz"]
[Result "1-0"]
[WhiteElo "2154"]
[BlackElo "1969"]
[PlyCount "87"]
[EventDate "2013.01.22"]
[EventType "swiss"]
[EventRounds "10"]
[EventCountry "ENG"]
[Source "lmi"]
[SourceDate "2013.01.22"]

1. d4 Nf6 2. c4 c5 3. Nf3 cxd4 4. Nxd4 Nc6 5. Nc3 Nxd4 6. Qxd4 g6 7. e4 d6 8.
Bg5 Bg7 9. Be2 Qa5 10. Qd2 Bd7 11. O-O Qc7 12. Rfd1 Bc6 13. f3 O-O 14. Rac1 a5
15. Nd5 Bxd5 16. cxd5 Qb6+ 17. Be3 Qb4 18. Rc7 Rfc8 19. Rdc1 Rxc7 20. Rxc7 Ne8
21. Qxb4 axb4 22. Rxb7 Bxb2 23. Rxb4 Ba3 24. Rb7 Kf8 25. Bb5 e6 26. dxe6 fxe6
27. Bxe8 Kxe8 28. Rxh7 Bb2 29. Ra7 Rxa7 30. Bxa7 Ba3 31. Kf2 Kf8 32. Ke3 d5 33.
Bd4 g5 34. Kd3 Bd6 35. h3 dxe4+ 36. fxe4 Ke7 37. a4 Bc7 38. Kc4 Kd7 39. Kb5 Kc8
40. a5 Kb7 41. a6+ Ka8 42. Kc6 Bf4 43. e5 Kb8 44. Kd7 1-0

[Event "Tradewise Gibraltar Chess Festival 2013"]
[Site "Gibraltar ENG"]
[Date "2013.01.25"]
[Round "4.95"]
[White "Agbabishvili, Lali"]
[Black "Allor, Chukwuka"]
[Result "0-1"]
[WhiteElo "1954"]
[BlackElo "2154"]
[PlyCount "116"]
[EventDate "2013.01.22"]
[EventType "swiss"]
[EventRounds "10"]
[EventCountry "ENG"]
[Source "lmi"]
[SourceDate "2013.01.22"]

1. c4 Nf6 2. Nc3 g6 3. Nf3 Bg7 4. d4 d5 5. cxd5 Nxd5 6. Qb3 Nb6 7. e4 Bg4 8.
Bb5+ c6 9. Ng5 O-O 10. Be2 Bc8 11. Be3 h6 12. Nf3 Be6 13. Qc2 a5 14. O-O a4 15.
Rfd1 a3 16. bxa3 Nc4 17. Bxc4 Bxc4 18. a4 Nd7 19. Rab1 Ba6 20. h3 Qa5 21. Qb3
Rad8 22. Rbc1 Kh8 23. a3 Qh5 24. Qc2 f5 25. exf5 Qxf5 26. Qxf5 Rxf5 27. d5 c5
28. Nb5 b6 29. Nc7 Be2 30. Nh4 Rh5 31. Re1 Rxh4 32. Rxe2 Rxa4 33. Ra2 Be5 34.
Ne6 Rda8 35. f4 Bf6 36. Re2 Rxa3 37. Kh2 Ra2 38. Rcc2 Rxc2 39. Rxc2 Ra3 40. Bf2
Kg8 41. g4 Nf8 42. Nc7 Rb3 43. Ne8 Bh8 44. d6 Kf7 45. dxe7 Kxe7 46. Nc7 Kd6 47.
Na8 Nd7 48. Rc4 Rb4 49. Rc1 Bd4 50. Bg3 Rb2+ 51. Kh1 Kc6 52. Re1 Bf2 53. Re6+
Kb7 54. Bxf2 Rxf2 55. Kg1 Rxf4 56. Rxg6 c4 57. Rxh6 c3 58. Rh7 Kc6 0-1

[Event "Tradewise Gibraltar Chess Festival 2013"]
[Site "Gibraltar ENG"]
[Date "2013.01.25"]
[Round "4.96"]
[White "Walton, Alan J"]
[Black "Rydell, Marten"]
[Result "1-0"]
[WhiteElo "2153"]
[BlackElo "1960"]
[PlyCount "67"]
[EventDate "2013.01.22"]
[EventType "swiss"]
[EventRounds "10"]
[EventCountry "ENG"]
[Source "lmi"]
[SourceDate "2013.01.22"]

1. d4 e6 2. e4 d5 3. e5 c5 4. c3 Nc6 5. Nf3 Qb6 6. a3 f6 7. exf6 Nxf6 8. Bd3
Bd6 9. O-O O-O 10. b4 c4 11. Bc2 a5 12. bxa5 Qxa5 13. Qe2 Bd7 14. Ne5 Rae8 15.
Bg5 Qc7 16. f4 Re7 17. Nd2 Be8 18. Qe3 Qb6 19. Rab1 Qa7 20. a4 Kh8 21. Kh1 Nd8
22. Qh3 b6 23. Rbe1 Kg8 24. Ra1 Qc7 25. Rfe1 h6 26. Bh4 Qc8 27. g4 Ra7 28. Rg1
Bxe5 29. fxe5 Nh7 30. g5 hxg5 31. Bxg5 Nxg5 32. Rxg5 g6 33. Bxg6 Rg7 34. Bh7+
1-0

[Event "Tradewise Gibraltar Chess Festival 2013"]
[Site "Gibraltar ENG"]
[Date "2013.01.25"]
[Round "4.97"]
[White "Candano Gonzalez, Alvaro"]
[Black "Burrows, Martin P"]
[Result "0-1"]
[WhiteElo "1717"]
[BlackElo "2153"]
[PlyCount "50"]
[EventDate "2013.01.22"]
[EventType "swiss"]
[EventRounds "10"]
[EventCountry "ENG"]
[Source "lmi"]
[SourceDate "2013.01.22"]

1. e4 c5 2. Nc3 Nc6 3. f4 g6 4. Nf3 Bg7 5. Bb5 Nd4 6. d3 Nxb5 7. Nxb5 d5 8.
exd5 a6 9. Nc3 Nf6 10. O-O Nxd5 11. Ne4 b6 12. Qe1 e6 13. Ne5 O-O 14. c3 Bb7
15. Qg3 Ne7 16. Qh3 Qc8 17. Ng5 h6 18. Ne4 Qc7 19. Ng4 f5 20. Nxh6+ Bxh6 21.
Qxh6 fxe4 22. f5 Rxf5 23. Bg5 Raf8 24. Rxf5 Nxf5 25. Qxg6+ Ng7 0-1

[Event "Tradewise Gibraltar Chess Festival 2013"]
[Site "Gibraltar ENG"]
[Date "2013.01.25"]
[Round "4.99"]
[White "Wiedersich, Jens"]
[Black "Guerrero Romero, Antonio"]
[Result "1-0"]
[WhiteElo "2120"]
[BlackElo "1862"]
[PlyCount "62"]
[EventDate "2013.01.22"]
[EventType "swiss"]
[EventRounds "10"]
[EventCountry "ENG"]
[Source "lmi"]
[SourceDate "2013.01.22"]

1. d4 d5 2. c4 e6 3. Nf3 Nf6 4. g3 c6 5. Qc2 Be7 6. Bg2 O-O 7. O-O Nbd7 8. Re1
Re8 9. Nbd2 h6 10. e4 dxe4 11. Nxe4 Nxe4 12. Rxe4 Nf8 13. Bd2 f5 14. Re2 Bf6
15. Bc3 Bd7 16. Rd1 Qc7 17. Bb4 a5 18. Bxf8 Rxf8 19. Ne5 Bc8 20. c5 a4 21. Nc4
Ra6 22. Bf1 Rd8 23. Red2 Ra7 24. a3 f4 25. Qe4 fxg3 26. hxg3 Kf8 27. Nb6 Re8
28. Qh7 Qf7 29. Bc4 g6 30. Qxh6+ Bg7 31. Qe3 Qf5 1-0

[Event "Tradewise Gibraltar Chess Festival 2013"]
[Site "Gibraltar ENG"]
[Date "2013.01.25"]
[Round "4.102"]
[White "Uran Bermudez, Oliver Kevin"]
[Black "Viana, Eduardo Escudeiro"]
[Result "1-0"]
[WhiteElo "2113"]
[BlackElo "1600"]
[PlyCount "53"]
[EventDate "2013.01.22"]
[EventType "swiss"]
[EventRounds "10"]
[EventCountry "ENG"]
[Source "lmi"]
[SourceDate "2013.01.22"]

1. e4 c5 2. Nf3 d6 3. d4 cxd4 4. Nxd4 Nf6 5. Nc3 a6 6. h3 b5 7. g4 Bb7 8. Bg2
e5 9. Nde2 b4 10. Nd5 Nxd5 11. exd5 Nd7 12. O-O Be7 13. Ng3 g6 14. Be3 Rc8 15.
Qd2 a5 16. a3 b3 17. cxb3 Nf6 18. b4 axb4 19. Qxb4 Rb8 20. Ba7 Nxd5 21. Bxd5
Bxd5 22. Qxb8 O-O 23. Qxd8 Rxd8 24. b4 Bf6 25. Rfd1 Be6 26. b5 Ra8 27. b6 1-0

[Event "Tradewise Gibraltar Chess Festival 2013"]
[Site "Gibraltar ENG"]
[Date "2013.01.25"]
[Round "4.103"]
[White "Pena Riasco, Alexander"]
[Black "Henrichsen, Jens"]
[Result "1-0"]
[WhiteElo "2156"]
[BlackElo "1957"]
[PlyCount "107"]
[EventDate "2013.01.22"]
[EventType "swiss"]
[EventRounds "10"]
[EventCountry "ENG"]
[Source "lmi"]
[SourceDate "2013.01.22"]

1. e4 c5 2. Nf3 d6 3. d4 cxd4 4. Nxd4 Nf6 5. Nc3 a6 6. Be3 e6 7. Bd3 Nbd7 8. f4
b5 9. a3 Bb7 10. Qe2 Rc8 11. O-O Qc7 12. Nf3 Be7 13. Kh1 O-O 14. Bd4 e5 15. Be3
Nb6 16. fxe5 dxe5 17. Bxb6 Qxb6 18. Nxe5 Rfe8 19. Ng4 Nxg4 20. Qxg4 Bf6 21. Nd5
Bxd5 22. exd5 Bxb2 23. Rab1 Bxa3 24. Qf5 Qh6 25. Qxf7+ Kh8 26. Qf4 Qxf4 27.
Rxf4 Red8 28. Ra1 Bb2 29. Rxa6 Rxd5 30. g3 Bc3 31. Rc6 Rdd8 32. Rxc8 Rxc8 33.
Bxb5 g5 34. Rf5 h6 35. Kg2 Kg7 36. Kf3 Rf8 37. Rxf8 Kxf8 38. Kg4 Kg7 39. Kf5
Bd4 40. g4 Bg1 41. h3 Bb6 42. Ke6 Ba7 43. c4 h5 44. Kd5 Kf6 45. c5 Bb8 46. Kc6
Ba7 47. Kd6 Bb8+ 48. Kd7 hxg4 49. hxg4 Ke5 50. c6 Kf4 51. Be2 Ke3 52. Bd1 Kd2
53. Ba4 Ke3 54. c7 1-0

[Event "Tradewise Gibraltar Chess Festival 2013"]
[Site "Gibraltar ENG"]
[Date "2013.01.25"]
[Round "4.104"]
[White "Jameson, David"]
[Black "Boesch, Heinz"]
[Result "1-0"]
[WhiteElo "2143"]
[BlackElo "1904"]
[PlyCount "114"]
[EventDate "2013.01.22"]
[EventType "swiss"]
[EventRounds "10"]
[EventCountry "ENG"]
[Source "lmi"]
[SourceDate "2013.01.22"]

1. c3 d5 2. d4 Nf6 3. Nf3 Bf5 4. Bf4 e6 5. e3 Bd6 6. Bg3 O-O 7. Nbd2 c5 8. Nh4
Bg6 9. Nxg6 hxg6 10. Be2 Nc6 11. O-O cxd4 12. cxd4 Bxg3 13. hxg3 Rc8 14. Qb3
Qa5 15. Rfd1 Qb4 16. Qxb4 Nxb4 17. a3 Nc6 18. Rac1 Ne7 19. Kf1 Rxc1 20. Rxc1
Rc8 21. Rxc8+ Nxc8 22. Ke1 Nd6 23. Bf3 Kf8 24. Kd1 Ke7 25. Kc2 Kd7 26. Kb3 Kc7
27. Kb4 g5 28. g4 g6 29. Kc3 b5 30. Kd3 Nc4 31. Nxc4 bxc4+ 32. Kc3 Kb6 33. b3
cxb3 34. Kxb3 Ka5 35. Ka2 Ka4 36. Kb2 Kb5 37. Kb3 Ka5 38. Be2 Ne4 39. f3 Nd6
40. Bd3 f5 41. g3 Kb6 42. Kb4 Ne8 43. e4 fxe4 44. fxe4 Nf6 45. exd5 Nxd5+ 46.
Kb3 Nf6 47. Bxg6 Nxg4 48. Bf7 e5 49. Be6 Ne3 50. dxe5 Kc5 51. Kc3 Nd5+ 52. Kd3
Ne7 53. Ke4 a5 54. Bd7 Nd5 55. Kf5 Ne3+ 56. Kxg5 Kd4 57. Kf6 Nc4 1-0

[Event "Tradewise Gibraltar Chess Festival 2013"]
[Site "Gibraltar ENG"]
[Date "2013.01.25"]
[Round "4.105"]
[White "Dimitrijevic, Dragan"]
[Black "Gieritz, Dietmar"]
[Result "0-1"]
[WhiteElo "1896"]
[BlackElo "2112"]
[PlyCount "136"]
[EventDate "2013.01.22"]
[EventType "swiss"]
[EventRounds "10"]
[EventCountry "ENG"]
[Source "lmi"]
[SourceDate "2013.01.22"]

1. e4 e6 2. d3 d5 3. Nd2 Nf6 4. Ngf3 Be7 5. g3 O-O 6. Bg2 Re8 7. O-O c5 8. Re1
Nc6 9. e5 Nd7 10. Nf1 Nf8 11. h4 b5 12. N1h2 a5 13. h5 Ra7 14. Bf4 d4 15. Ng4
Nb4 16. h6 g6 17. Qd2 Nd5 18. Bg5 Nd7 19. Bxe7 Nxe7 20. Ng5 Bb7 21. Bxb7 Rxb7
22. Ne4 Nd5 23. Nd6 Ra7 24. Nxe8 Qxe8 25. a3 Qe7 26. c4 dxc3 27. bxc3 N7b6 28.
Reb1 b4 29. axb4 cxb4 30. cxb4 axb4 31. Rxa7 Qxa7 32. Qg5 Qc7 33. Nf6+ Kh8 34.
Ne4 Kg8 35. Rc1 Nc3 36. Nxc3 bxc3 37. Qf6 Kf8 38. Ra1 c2 39. Qf4 Nd5 40. Qd2
Qxe5 41. Ra8+ Ke7 42. Qxc2 Qg5 43. Qc8 Kf6 44. Ra4 Qxh6 45. Rh4 Qg7 46. Qd8+
Kf5 47. g4+ Kf4 48. g5+ Kf5 49. Qd6 Kxg5 50. Qg3+ Kf6 51. Qf3+ Ke7 52. Ra4 Qf6
53. Qg3 h5 54. d4 Qf4 55. Kg2 Kf6 56. Qxf4+ Nxf4+ 57. Kg3 Kg5 58. Ra5+ Nd5 59.
Ra1 h4+ 60. Kf3 Kf5 61. Ra7 f6 62. Ra1 g5 63. Rg1 Nb4 64. Rc1 g4+ 65. Kg2 Nd3
66. Rh1 Nf4+ 67. Kh2 Ke4 68. Rf1 Kf3 0-1

[Event "Tradewise Gibraltar Chess Festival 2013"]
[Site "Gibraltar ENG"]
[Date "2013.01.25"]
[Round "4.106"]
[White "Whatley, Stephen A J"]
[Black "Freuler, Roman"]
[Result "0-1"]
[WhiteElo "1717"]
[BlackElo "2098"]
[PlyCount "66"]
[EventDate "2013.01.22"]
[EventType "swiss"]
[EventRounds "10"]
[EventCountry "ENG"]
[Source "lmi"]
[SourceDate "2013.01.22"]

1. e4 c5 2. Nf3 d6 3. d4 cxd4 4. Nxd4 Nf6 5. Nc3 Nc6 6. Bg5 e6 7. Qd2 Be7 8.
Be2 O-O 9. O-O-O a6 10. f4 Qc7 11. Bf3 Rb8 12. h4 h6 13. Bxf6 Bxf6 14. Nxc6
bxc6 15. b3 Qa5 16. Na4 Qxa4 17. bxa4 Bb2+ 18. Kb1 Bc3+ 19. Kc1 Bxd2+ 20. Rxd2
d5 21. c3 a5 22. Rb2 Ba6 23. Rxb8 Rxb8 24. Kc2 Kf8 25. e5 Bc4 26. Rb1 Bd3+ 27.
Kxd3 Rxb1 28. Kc2 Rf1 29. Kb3 h5 30. Kc2 g6 31. Kb3 Ke7 32. Kc2 Ra1 33. Kb2 Rh1
0-1

[Event "Tradewise Gibraltar Chess Festival 2013"]
[Site "Gibraltar ENG"]
[Date "2013.01.25"]
[Round "4.107"]
[White "Samu, Sorin-Mihai"]
[Black "Dennis, Nigel W"]
[Result "1/2-1/2"]
[WhiteElo "2095"]
[BlackElo "1904"]
[PlyCount "124"]
[EventDate "2013.01.22"]
[EventType "swiss"]
[EventRounds "10"]
[EventCountry "ENG"]
[Source "lmi"]
[SourceDate "2013.01.22"]

1. c4 Nf6 2. Nc3 c5 3. Nf3 Nc6 4. e3 d5 5. cxd5 Nxd5 6. Bb5 Nxc3 7. bxc3 Bd7 8.
O-O g6 9. a4 Bg7 10. Ba3 b6 11. d4 cxd4 12. cxd4 O-O 13. Rc1 Na5 14. Qd3 Re8
15. Rc3 Rc8 16. Rfc1 Rxc3 17. Rxc3 Bxb5 18. Qxb5 e6 19. Rc7 a6 20. Qd7 Qxd7 21.
Rxd7 Rc8 22. h4 Nc4 23. Be7 Nb2 24. a5 bxa5 25. Ra7 a4 26. Rxa6 Bf8 27. Bxf8
Kxf8 28. Ne5 f6 29. Nd7+ Ke7 30. Nc5 f5 31. Rxe6+ Kf7 32. Ra6 Rc7 33. Nxa4 Rc1+
34. Kh2 Nd1 35. Kg3 Rc2 36. Nc5 Nxf2 37. Ra7+ Kg8 38. Kf4 Ng4 39. e4 Rxg2 40.
e5 Rf2+ 41. Kg3 Rd2 42. Ra8+ Kf7 43. e6+ Ke7 44. Ra7+ Ke8 45. Ra4 Ke7 46. Kf4
h6 47. Rb4 Rf2+ 48. Kg3 Rd2 49. Rb7+ Ke8 50. Na6 Rd3+ 51. Kg2 Ne3+ 52. Kf2 Nd5
53. Nb4 Nxb4 54. Rxb4 f4 55. d5 Rxd5 56. Rxf4 Rf5 57. Kg3 Ke7 58. Ra4 Re5 59.
Ra3 Kxe6 60. Rb3 Kf6 61. Rf3+ Rf5 62. Rb3 Re5 1/2-1/2

[Event "Tradewise Gibraltar Chess Festival 2013"]
[Site "Gibraltar ENG"]
[Date "2013.01.25"]
[Round "4.108"]
[White "Reid, Vaness"]
[Black "Grigoryan, Meri"]
[Result "0-1"]
[WhiteElo "1844"]
[BlackElo "2025"]
[PlyCount "74"]
[EventDate "2013.01.22"]
[EventType "swiss"]
[EventRounds "10"]
[EventCountry "ENG"]
[Source "lmi"]
[SourceDate "2013.01.22"]

1. d4 d5 2. c4 e5 3. dxe5 d4 4. Nf3 Nc6 5. g3 Nge7 6. Bg2 Ng6 7. O-O Ngxe5 8.
b3 Bc5 9. Bb2 Nxf3+ 10. exf3 O-O 11. Nd2 d3 12. Rb1 Bd4 13. Ba3 Re8 14. Ne4 Ne5
15. h3 Bf5 16. Kh2 Nxf3+ 17. Bxf3 Bxe4 18. Bxe4 Rxe4 19. Qxd3 Qe8 20. Rbd1 c5
21. Qb1 Re2 22. Rde1 Bxf2 23. Rxe2 Qxe2 24. Qd1 Qe3 25. Qg4 Re8 26. Kg2 h5 27.
Qf4 Qxf4 28. gxf4 Bd4 29. Bc1 Re2+ 30. Kf3 Rxa2 31. Re1 Rf2+ 32. Ke4 Rh2 33.
Be3 Rxh3 34. Bxd4 cxd4 35. Rb1 d3 36. b4 d2 37. c5 Rb3 0-1

[Event "Tradewise Gibraltar Chess Festival 2013"]
[Site "Gibraltar ENG"]
[Date "2013.01.25"]
[Round "4.109"]
[White "Diaz Gallego, Saul"]
[Black "Hutton, Jack"]
[Result "0-1"]
[WhiteElo "1655"]
[BlackElo "2017"]
[PlyCount "36"]
[EventDate "2013.01.22"]
[EventType "swiss"]
[EventRounds "10"]
[EventCountry "ENG"]
[Source "lmi"]
[SourceDate "2013.01.22"]

1. d4 e6 2. c4 Nf6 3. Nc3 Bb4 4. Qc2 d5 5. Bg5 h6 6. Bh4 c5 7. cxd5 exd5 8.
dxc5 g5 9. Bg3 Ne4 10. Bxb8 Qf6 11. O-O-O Bxc3 12. Bg3 Bf5 13. Qa4+ Kf8 14. Qb3
Rc8 15. Rxd5 Be6 16. Qxb7 Bxd5 17. Qxc8+ Kg7 18. Qc7 Bxb2+ 0-1

[Event "Tradewise Gibraltar Chess Festival 2013"]
[Site "Gibraltar ENG"]
[Date "2013.01.25"]
[Round "4.110"]
[White "Canonne, Antoine"]
[Black "Wilson, Matthew R"]
[Result "1-0"]
[WhiteElo "2002"]
[BlackElo "1827"]
[PlyCount "55"]
[EventDate "2013.01.22"]
[EventType "swiss"]
[EventRounds "10"]
[EventCountry "ENG"]
[Source "lmi"]
[SourceDate "2013.01.22"]

1. e4 c5 2. Nc3 e6 3. f4 d5 4. Bb5+ Bd7 5. Bxd7+ Qxd7 6. d3 Nc6 7. Nf3 d4 8.
Ne2 Nf6 9. O-O Be7 10. Bd2 O-O 11. Qe1 Rfd8 12. b3 b5 13. Ne5 Qc7 14. Nxc6 Qxc6
15. f5 exf5 16. Rxf5 c4 17. Qg3 g6 18. Bh6 Bf8 19. Bxf8 Kxf8 20. Rf2 Nh5 21.
Qh4 Rd7 22. g4 Ng7 23. Qxh7 f5 24. Nf4 Rd6 25. e5 g5 26. exd6 gxf4 27. gxf5 Re8
28. Rg2 1-0

[Event "Tradewise Gibraltar Chess Festival 2013"]
[Site "Gibraltar ENG"]
[Date "2013.01.25"]
[Round "4.112"]
[White "Berggren, Klas"]
[Black "Diaz Montenegro, Ignacio"]
[Result "0-1"]
[WhiteElo "1523"]
[BlackElo "1987"]
[PlyCount "66"]
[EventDate "2013.01.22"]
[EventType "swiss"]
[EventRounds "10"]
[EventCountry "ENG"]
[Source "lmi"]
[SourceDate "2013.01.22"]

1. e4 c5 2. Nf3 d6 3. d4 cxd4 4. Nxd4 a6 5. Nc3 Nf6 6. Be2 e6 7. Be3 Be7 8. Qd2
b5 9. a3 Bb7 10. f3 Nc6 11. O-O O-O 12. Rac1 Qc7 13. Rfd1 Rfd8 14. Qe1 d5 15.
exd5 Nxd5 16. Nxd5 Rxd5 17. Nxc6 Bxc6 18. Rd3 Rad8 19. Rcd1 Qe5 20. c3 Rxd3 21.
Bxd3 h6 22. Qf2 Bd5 23. f4 Qh5 24. Be2 Qg6 25. Bf3 Bxf3 26. Rxd8+ Bxd8 27. Qxf3
Qb1+ 28. Kf2 Qxb2+ 29. Kg3 Qxc3 30. Qe4 Bb6 31. Qa8+ Kh7 32. Qe4+ g6 33. Kf3
Qxa3 0-1

[Event "Tradewise Gibraltar Chess Festival 2013"]
[Site "Gibraltar ENG"]
[Date "2013.01.25"]
[Round "4.114"]
[White "Colompar, Ladislau-Alexandru"]
[Black "Reppen, Ellisiv"]
[Result "0-1"]
[WhiteElo "1790"]
[BlackElo "2005"]
[PlyCount "86"]
[EventDate "2013.01.22"]
[EventType "swiss"]
[EventRounds "10"]
[EventCountry "ENG"]
[Source "lmi"]
[SourceDate "2013.01.22"]

1. d4 Nf6 2. e3 d5 3. Nf3 e6 4. Bd3 c5 5. b3 Nc6 6. a3 Qc7 7. Bb2 cxd4 8. exd4
Bd6 9. O-O O-O 10. Qe2 Re8 11. Ne5 a6 12. f4 b6 13. Nd2 Bb7 14. Rf3 Qe7 15. Rh3
h6 16. g4 Bxe5 17. dxe5 Qc5+ 18. Kh1 Ne4 19. Rf1 Nxd2 20. Qxd2 Rad8 21. b4 Qe7
22. g5 d4 23. Kg1 hxg5 24. Qe2 g6 25. Bc1 Kg7 26. fxg5 Rh8 27. Rhf3 Rdf8 28.
Rf6 Qc7 29. Bf4 Ne7 30. Bg3 Qc6 31. R6f3 b5 32. h4 Qd5 33. Kh2 Qd7 34. Rf4 Nf5
35. Bxf5 gxf5 36. Rd1 Be4 37. Rxe4 fxe4 38. Qxe4 Rc8 39. Rd2 Rc4 40. Qf4 Qe7
41. Kg1 Rhc8 42. Qf2 Rc3 43. Qxd4 Rxg3+ 0-1

[Event "Tradewise Gibraltar Chess Festival 2013"]
[Site "Gibraltar ENG"]
[Date "2013.01.25"]
[Round "4.115"]
[White "Campos Calvo-Sotelo, Juan"]
[Black "Kuenitz, Klaus"]
[Result "1-0"]
[WhiteElo "1978"]
[BlackElo "1643"]
[PlyCount "66"]
[EventDate "2013.01.22"]
[EventType "swiss"]
[EventRounds "10"]
[EventCountry "ENG"]
[Source "lmi"]
[SourceDate "2013.01.22"]

1. b4 Nf6 2. Bb2 d5 3. e3 Bf5 4. Nf3 h6 5. c4 c6 6. Nc3 e6 7. cxd5 cxd5 8. Bb5+
Nbd7 9. a3 a6 10. Be2 Bd6 11. Nd4 Bg6 12. f4 O-O 13. O-O Rc8 14. f5 exf5 15.
Nxf5 Bb8 16. Qb3 Ne5 17. Rac1 Nc4 18. Nxd5 Nxd2 19. Rxc8 Nxb3 20. Rxd8 Rxd8 21.
Bxf6 gxf6 22. Nxf6+ Kf8 23. Nxh6 Ba7 24. Kf2 Kg7 25. Nhg4 Rd2 26. Rd1 a5 27.
Ne8+ Kf8 28. Nd6 b6 29. Rxd2 Nxd2 30. Nc8 Bb8 31. Nxb6 Bd6 32. b5 f5 33. Nf6
Kg7 1-0

[Event "Tradewise Gibraltar Chess Festival 2013"]
[Site "Gibraltar ENG"]
[Date "2013.01.25"]
[Round "4.116"]
[White "Cebada Benitez, Fernando"]
[Black "Savage, Neil"]
[Result "1/2-1/2"]
[WhiteElo "1958"]
[BlackElo "1620"]
[PlyCount "80"]
[EventDate "2013.01.22"]
[EventType "swiss"]
[EventRounds "10"]
[EventCountry "ENG"]
[Source "lmi"]
[SourceDate "2013.01.22"]

1. d4 d5 2. c4 c6 3. Nf3 Nf6 4. Nc3 e6 5. Bg5 h6 6. Bh4 g5 7. Bg3 dxc4 8. a4
Bb4 9. e3 b5 10. Be2 Ne4 11. Qc2 Nxg3 12. hxg3 Bb7 13. O-O Qb6 14. Ne5 Bd6 15.
Ne4 Bxe5 16. dxe5 Nd7 17. Nd6+ Ke7 18. axb5 Nxe5 19. Nxb7 Qxb7 20. bxc6 Qxc6
21. Rfc1 Rhb8 22. Qc3 Qb5 23. b4 Nc6 24. Bf3 Rc8 25. Qxc4 Qxc4 26. Rxc4 Ne5 27.
Rxc8 Rxc8 28. Rxa7+ Nd7 29. b5 Kd6 30. b6 Rb8 31. b7 Kc7 32. Ra6 Ne5 33. Be4
Rd8 34. Kf1 Nd7 35. Rc6+ Kb8 36. Rd6 Kc7 37. Rc6+ Kb8 38. f4 Nf6 39. Ra6 Kc7
40. Rc6+ Kb8 1/2-1/2

[Event "Tradewise Gibraltar Chess Festival 2013"]
[Site "Gibraltar ENG"]
[Date "2013.01.25"]
[Round "4.117"]
[White "Garcia Lechugo, Francisco"]
[Black "Openshaw, David K"]
[Result "0-1"]
[WhiteElo "1645"]
[BlackElo "1923"]
[PlyCount "62"]
[EventDate "2013.01.22"]
[EventType "swiss"]
[EventRounds "10"]
[EventCountry "ENG"]
[Source "lmi"]
[SourceDate "2013.01.22"]

1. d3 d5 2. e3 Nf6 3. Nf3 Nc6 4. g3 Bg4 5. Nbd2 e5 6. h3 Bh5 7. g4 Bg6 8. Nh4
Qd7 9. Nxg6 hxg6 10. Bg2 O-O-O 11. b3 Bb4 12. a3 Bc3 13. Ra2 d4 14. O-O Nd5 15.
Ne4 f5 16. Nc5 Qe7 17. b4 Rh4 18. e4 Nf4 19. Bxf4 exf4 20. exf5 gxf5 21. Re1
Qxe1+ 22. Qxe1 Bxe1 23. Ra1 Bc3 24. Rf1 Re8 25. gxf5 Re2 26. Bf3 Rxc2 27. Bg4
Kb8 28. Ne6 Ne5 29. f3 Nxg4 30. hxg4 Bd2 31. Rf2 Be3 0-1